[Event "10th LCC FIDE Open 2018"]
[Site "London"]
[Date "2018.12.13"]
[Round "5"]
[White "Englisch, Colya"]
[Black "Gullaksen, Eirik"]
[Result "0-1"]
[WhiteElo "2105"]
[BlackElo "2349"]
[Annotator "NA"]
[PlyCount "54"]
[EventDate "2018.12.09"]
[EventType "swiss"]
[EventCountry "ENG"]
[SourceTitle "playchess.com"]
[Source "ChessBase"]
[SourceQuality "1"]
[TimeControl "40/5400+30:1800+30"]

1. Nf3 {[%emt 0:00:00]} g6 {[%emt 0:00:00]} 2. d4 {[%emt 0:00:26]} Nf6 {[%emt 0:00:00]} 3. g3 {[%emt 0:00:07]} Bg7 {[%emt 0:00:05]} 4. Bg2 {[%emt 0:00:06]} O-O {[%emt 0:00:10]} 5. O-O {[%emt 0:00:07]} d6 {[%emt 0:00:29]} 6. c4 {[%emt 0:00:40]} Nc6 {[%emt 0:00:29]} 7. Nc3 {[%emt 0:00:20]} e5 {[%emt 0:00:26]} 8. dxe5 {[%emt 0:00:43]} Nxe5 {[%emt 0:00:12]} 9. Nxe5 {[%emt 0:01:27]} dxe5 {[%emt 0:00:10]} 10. Bg5 {[%emt 0:03:05]} Qxd1 {[%emt 0:00:52]} 11. Rfxd1 {[%emt 0:02:47]} h6 {[%emt 0:00:15]} 12. Be3 {[%emt 0:04:50]} c6 {[%emt 0:01:35]} 13. Rac1 {[%emt 0:24:12]} Be6 {[%emt 0:02:37]} 14. b3 {[%emt 0:11:53]} Rfe8 {[%emt 0:01:44]} 15. Na4 {[%emt 0:07:38]} Ng4 {[%emt 0:06:06]} 16. Bd2 {[%emt 0:02:00]} Bf8 {[%emt 0:01:47]} 17. Bc3 {[%emt 0:04:31]} Bf5 {[%emt 0:08:00]} 18. e4 {[%emt 0:13:27]} Bc8 {[%emt 0:00:53]} 19. h3 {[%emt 0:03:01]} Nf6 {[%emt 0:00:26]} 20. Kh2 {[%emt 0:05:53]} Nd7 {[%emt 0:10:24]} 21. Rc2 {[%emt 0:06:25]} b6 {[%emt 0:07:45]} 22. Rcd2 {[%emt 0:01:51]} b5 {[%emt 0:00:17]} 23. Nb2 {[%emt 0:01:46]} b4 {[%emt 0:00:41]} 24. Bxb4 {[%emt 0:00:18]} Bxb4 {[%emt 0:00:09]} 25. Rxd7 {[%emt 0:00:06]} Bxd7 {[%emt 0:00:08]} 26. Rxd7 {[%emt 0:00:11]} Red8 {[%emt 0:01:33]} 27. Rd3 {[%emt 0:04:23]} Ba3 {[%emt 0:00:22]} 0-1

[Event "10th LCC FIDE Open 2018"]
[Site "London"]
[Date "2018.12.13"]
[Round "5"]
[White "Seymour, Timothy P"]
[Black "Wells, Peter K"]
[Result "0-1"]
[WhiteElo "2080"]
[BlackElo "2412"]
[Annotator "TA"]
[PlyCount "120"]
[EventDate "2018.12.09"]
[EventType "swiss"]
[EventCountry "ENG"]
[SourceTitle "playchess.com"]
[Source "ChessBase"]
[SourceQuality "1"]

{[%evp 9,120,40,39,45,46,51,54,24,82,79,82,79,132,118,125,127,140,131,147,134,140,131,164,68,68,72,75,70,96,93,101,0,63,0,0,17,19,20,35,7,0,-66,-70,-108,-98,-130,-130,-117,-132,-128,-110,-285,-278,-335,-331,-335,-312,-305,-293,-288,-229,-214,-146,-132,-120,-263,-8,-8,-8,-498,0,0,0,0,0,0,0,0,0,0,0,0,0,0,0,-8,-8,-73,-8,-8,-8,-8,-8,-8,-8,-8,0,-8,-8,-16,-13,-59,-56,-29976,-29977,-29977,-29978,-29979,-29980,-29980,-29979,-29979,-29980]} 1. Nf3 c5 2. e3 g6 3. d4 Bg7 4. d5 f5 (4... d6 5. Nc3 Nf6 6. Bc4 O-O 7. O-O Bg4 8. h3 Bxf3 9. Qxf3 Nfd7 10. Qd1 Na6 11. e4 Nc7 {0-1 (47) Dubov,D (2703)-Gabrielian,A (2499) Sochi 2018}) 5. Nc3 Nf6 6. Bd3 $146 {A40: Unusual replies to 1 d4} ({Predecessor:} 6. Be2 O-O 7. O-O d6 8. a4 Na6 9. Nd2 Nb4 10. Nc4 b6 11. f3 e6 {0-1 (26) Kelires,A (2075)-Krishna,C (2339) Vrachati 2013}) 6... O-O 7. O-O Na6 8. Re1 {White is slightly better.} Nc7 (8... d6 $11 {remains equal.}) 9. d6 exd6 10. e4 $1 b5 (10... fxe4 $142 11. Nxe4 d5 12. Nxc5 b6) 11. exf5 $16 c4 12. Bf1 $1 d5 13. a4 b4 14. Nb5 Nxb5 15. axb5 Bb7 16. Be3 (16. fxg6 $18 hxg6 17. Qd2) 16... Ne4 $14 17. fxg6 hxg6 18. Bd4 Bxd4 19. Qxd4 Qf6 20. Re2 ({White should play} 20. b3 $16) 20... Kg7 (20... a6 $11) 21. g3 (21. Ne5 $14) 21... Qxd4 22. Nxd4 a5 {[%cal Ba7a5,Ba5a4,Ba4b3][%mdl 32]} 23. Bh3 Rf7 24. f3 Nc5 25. Bg4 (25. b3 $11) 25... a4 $15 26. Re3 b3 27. cxb3 axb3 28. Rxa8 Bxa8 29. h4 Na4 30. Re2 $2 (30. Nxb3 $17 {might work better.} cxb3 31. Rxb3) 30... c3 $19 31. Nxb3 cxb2 32. Re1 {[#]} d4 $1 {[%mdl 512]} 33. Nd2 (33. Nxd4 Nc3) 33... Nc3 34. b6 Kf6 35. Kf2 Re7 36. Rxe7 Kxe7 $17 {[%mdl 4096] Endgame KBN-KBN} 37. h5 (37. Bh3 $17) 37... b1=Q $2 (37... gxh5 $19 38. Bxh5 b1=Q 39. Nxb1 Nxb1) 38. Nxb1 $11 Nxb1 39. Bxd7 $2 {[%mdl 8192] [#]} (39. hxg6 $11 {and White has nothing to worry.} Nc3 40. g7) 39... Kxd7 $2 (39... d3 $1 $19 40. Bb5 d2) 40. h6 d3 $1 {[%cal Rd3d2]} 41. h7 d2 42. h8=Q d1=Q 43. Qxa8 {And now Qb7+ would win.} Qd4+ 44. Kg2 $1 {Threatens to win with Qb7+.} Qxb6 45. Qd5+ Ke7 46. Qe4+ Kf7 47. Qd5+ Kf6 {aiming for ...Nc3.} 48. f4 {[#]} (48. Qa8 $11 {keeps the balance.}) 48... Qb2+ (48... Qc7 $1 $17 {[%cal Rc7c2] Hoping for ...Qc2+.} 49. Qd4+ Kf7 50. Qd5+ Kg7) 49. Kh3 Qe2 {Strongly threatening ...Qe6+.} 50. Kh4 Nd2 {( -> ...Nf3+)} (50... Kg7 $5 51. Qd4+ $8 Kh7 52. Qa7+ Kh6 $11) 51. Qd4+ $1 Kf7 {[%csl Gg6][%cal Re2h5]} ({Don't take} 51... Ke6 52. Qb6+ Kf7 53. Qa7+ Ke8 54. Kg5 $17) 52. Qd7+ Kf6 {[%csl Gg6][%cal Re2h5]} 53. Qd4+ $1 Ke6 {[%csl Gg6][%cal Re2h5]} 54. Qb6+ Kf7 {[%csl Gg6][%cal Re2h5]} 55. Qc7+ Kg8 {[%csl Gg6][%cal Re2h5]} 56. Kg5 $2 {[%mdl 8192]} (56. g4 $15) 56... Qh5+ {Black mates.} 57. Kf6 Ne4+ 58. Ke7 Qh7+ 59. Kd8 Qxc7+ 60. Kxc7 Nxg3 {Accuracy: White = 36%, Black = 66%.} 0-1

[Event "10th LCC FIDE Open 2018"]
[Site "London"]
[Date "2018.12.13"]
[Round "5"]
[White "Jyothilal, N.."]
[Black "Rocco, Federico"]
[Result "0-1"]
[WhiteElo "2078"]
[BlackElo "2244"]
[Annotator "TA"]
[PlyCount "144"]
[EventDate "2018.12.09"]
[EventType "swiss"]
[EventCountry "ENG"]
[SourceTitle "playchess.com"]
[Source "ChessBase"]
[SourceQuality "1"]

{[%evp 17,144,62,101,105,118,84,122,95,100,62,58,26,22,5,5,0,11,0,6,6,16,6,66,63,63,16,8,-8,-6,-5,0,-8,0,-43,-35,-51,0,-34,-41,-22,-23,-18,-17,-40,-18,-54,-26,-60,0,0,0,0,0,0,0,0,0,0,0,0,-14,-55,-85,-218,-161,-226,38,45,47,0,0,0,0,0,0,0,489,0,0,-5,-8,-3,-7,-11,-18,-97,-96,-88,-82,-82,0,-50,-5,-7,0,0,0,0,0,-29975,-29978,-29973,-29979,-29979,-29980,-29980,-29981,-29980,-29976,-29976,-29977,-29974,-29978,-29985,-29986,-29986,-29987,-29987,-29988,-29988,-29989,-29990,-29991,-29991,-29992,-29992,-29993,-29993,-29994]} 1. d4 Nf6 2. c4 g6 3. Nc3 Bg7 4. e4 d6 5. f3 O-O 6. Be3 Nc6 7. Nge2 e5 8. d5 Ne7 9. Qd2 c5 (9... Ne8 10. g4 c5 11. dxc6 bxc6 12. O-O-O Be6 13. Ng3 Qa5 14. h4 c5 15. h5 Nc6 16. Qh2 Nd4 17. hxg6 fxg6 18. Qxh7+ Kf7 19. Rh6 Rb8 20. Qxg6+ Ke7 21. Nf5+ Bxf5 22. gxf5 Bxh6 23. Bxh6 Nf6 24. Bg5 Rxb2 25. Nd5+ {1-0 (25) Bocharov,D (2558)-Nagibin,G (2402) Minsk 2015}) 10. g4 {E85: King's Indian: Sämisch: 6...e5} Ne8 11. O-O-O a6 12. h4 $146 {White is better.} ({Predecessor:} 12. Kb1 Qa5 13. Nc1 Bd7 14. h4 f5 15. gxf5 gxf5 16. Bg5 Nf6 17. Bd3 f4 18. Rdg1 {0-1 (40) Berntsen Oybo,A (1899)-Aubrecht,P (1959) Prague 2016}) 12... f5 13. gxf5 gxf5 14. Bg5 f4 $1 15. Kb1 h6 16. Bxe7 Qxe7 17. Nc1 Bd7 18. Bh3 b5 19. Rdg1 Nc7 (19... Nf6 $11) 20. Bxd7 $14 Qxd7 21. Rg6 Rf6 22. Qg2 Rxg6 23. Qxg6 bxc4 24. Rg1 Kh8 25. a4 Rb8 26. N1a2 Rb7 (26... Ne8 $15) 27. Nd1 {[%cal Bc3d1,Bd1f2,Bf2g4,Bg4h6,Bh6f5][%mdl 32]} Ne8 28. Nac3 Qf7 29. Qg4 Bf6 30. Qh3 Qd7 31. Qh2 Qc8 32. Nf2 Rg7 (32... Kh7 $15) 33. Ng4 $11 h5 34. Nh6 Qd7 35. Nf5 Rxg1+ 36. Qxg1 {aiming for Qg6.} Kh7 $1 37. Qf1 Ng7 38. Qh3 Bd8 39. Kc1 Ba5 40. Nb1 (40. Nd1 $17) 40... Bb4 $19 41. Nd2 (41. Qf1 $142) 41... Nxf5 $2 ({Not} 41... Qxa4 42. Nxc4 Qa1+ 43. Kc2 $11) ({Better is} 41... Bxd2+ $1 $19 42. Kxd2 Nxf5) 42. Nxc4 $14 Be1 $1 43. exf5 Bg3 44. Nd2 Kh6 $36 {[%mdl 2048] Black fights for an advantage.} ({Avoid the trap} 44... Qxa4 $2 45. f6 $18) 45. Ne4 Qxa4 46. f6 Qc4+ $2 {[%mdl 8192]} (46... Qa1+ $11 {and Black stays safe.} 47. Kc2 Qa4+ 48. Kc1 Qa1+ 49. Kc2 Qa4+ 50. Kc1) 47. Kb1 $2 (47. Nc3 $18 Kg6 48. Qe6 Qf1+ {[%mdl 64] Double Attack} 49. Kc2 Qf2+ 50. Kb3 c4+ 51. Ka2) 47... Qd3+ $11 {[%mdl 64] Double Attack} 48. Ka2 Qxd5+ 49. b3 {Intending Qd7 and mate.} Qf7 {And now ...c4 would win.} 50. Nxd6 Qxf6 {[%mdl 64] Double Attack} 51. Nf5+ (51. Ne4 $11 Qf7 52. Nxg3 fxg3 53. Qxg3) 51... Kg6 $17 52. Nxg3 fxg3 53. Qxg3+ {[%mdl 4096] Endgame [#] KQ-KQ} Kf5 ({Black should try} 53... Kf7 $1 $17) 54. Ka3 Ke6 55. Qg8+ Kd6 {Threatens to win with ...e4.} 56. Qb8+ Ke6 57. Qe8+ Kd6 {White must now prevent ...e4.} 58. Qxh5 $2 {[%mdl 8192] [#]} (58. Qb8+ $11 Ke7 59. Qc7+ Ke8 60. Ka2) 58... e4 $1 {[%cal Rf6a1][%mdl 512] Black mates.} 59. Ka2 (59. fxe4 Qa1#) 59... exf3 60. Qh7 f2 61. Qd3+ Kc7 62. Qf1 Qf3 63. h5 Qe3 64. Qxa6 Qd2+ 65. Ka3 Qc1+ 66. Ka2 f1=Q {[%cal Rf1a6]} 67. Qa7+ Kd6 {[%cal Rf1g2]} 68. Qb8+ Kd5 {[%cal Rf1g2]} 69. Qd8+ Ke4 {[%csl Gf1][%cal Rc1a1]} 70. Qe8+ Kd3 {[%csl Gf1][%cal Rc1a1]} 71. Qg6+ Kd2 {[%csl Gf1][%cal Rc1a1]} 72. Qg5+ Kd1 {Accuracy: White = 39%, Black = 51%.} 0-1

[Event "10th LCC FIDE Open 2018"]
[Site "London"]
[Date "2018.12.13"]
[Round "5"]
[White "Price, Gwilym"]
[Black "Roe, Simon J"]
[Result "1-0"]
[WhiteElo "2075"]
[BlackElo "2223"]
[Annotator "TA"]
[PlyCount "119"]
[EventDate "2018.12.09"]
[EventType "swiss"]
[EventCountry "ENG"]
[SourceTitle "playchess.com"]
[Source "ChessBase"]
[SourceQuality "1"]

{[%evp 14,119,0,0,0,0,0,-2,8,15,16,16,8,0,0,-14,-9,-10,-7,-13,-10,-18,-9,0,0,0,0,0,0,0,62,55,58,54,78,78,78,78,78,78,78,78,101,109,108,100,114,123,118,116,109,109,97,100,118,107,120,119,116,128,114,12,18,32,242,106,113,115,349,210,149,97,387,376,320,272,572,564,584,568,978,968,904,884,2801,2910,3390,2756,2702,925,4714,4047,3423,2626,2426,2267,1770,249,1787,1514,1693,1193,11460,9658,5708,4618,29988,29989]} 1. e4 e5 2. Nc3 Nf6 3. Bc4 Nc6 4. d3 Na5 5. Nge2 Bc5 6. O-O {C28: Vienna Game: 2...Nf6 3 Bc4 Nc6} O-O 7. a4 (7. Ng3 h6 8. h3 d6 9. Bb3 c6 10. Na4 Nxb3 11. axb3 Bb4 12. Bd2 Bxd2 13. Qxd2 d5 {0-1 (40) Naiditsch,A (2702)-Caruana,F (2817) Karlsruhe/Baden-Baden 2017}) 7... Nxc4 8. dxc4 {LiveBook: 3 Games. The position is equal.} d6 9. Qd3 Be6 10. b3 a6 $146 ({Predecessor:} 10... c6 11. Be3 Bxe3 12. Qxe3 Qb6 13. Qd2 Rad8 {0-1 (33) Infante Guerrero,M (2314)-Mitkov,N (2508) Santo Domingo 2012}) 11. Be3 Bxe3 12. Qxe3 Nd7 13. f4 exf4 14. Rxf4 Qg5 15. Nd4 Rae8 16. Qf2 Ne5 17. Rf1 Bd7 18. Nf5 Ng6 19. Rf3 {[%cal Bf4f3,Bf3g3,Bg3g5][%mdl 32]} Qd8 20. Rg3 Re5 21. Qf3 Bc6 (21... Kh8 $11) 22. h4 Rxf5 {[%mdl 64] Remove Defender} 23. Qxf5 Nxh4 24. Qg5 Qxg5 25. Rxg5 f6 26. Rg3 Ng6 27. Nd5 Bxd5 28. cxd5 $16 {[%mdl 4096] Endgame KRR-KRN} Re8 29. Re1 f5 30. Rge3 f4 31. Rc3 Re7 32. a5 Ne5 33. Rd1 g5 34. Rd4 Kg7 35. Rb4 c5 36. dxc6 Nxc6 {[#]} 37. Rxb7 $1 {[%mdl 512]} Rxb7 $11 38. Rxc6 $16 {[%mdl 64] Double Attack. KR-KR} Kf6 $2 (38... g4 $14) 39. Rxd6+ (39. Rxa6 $18 {and the rest is easy.} Ke5 40. Rb6) 39... Ke5 40. Rxa6 {Threatens to win with Rc6.} Rd7 $2 (40... Rc7 $16) 41. Rc6 g4 42. Kf1 ({White should try} 42. a6) 42... Rd1+ $2 {[%mdl 8192]} (42... h5 $16 {was necessary.}) 43. Ke2 $18 Rg1 44. Kf2 Rd1 $2 (44... Ra1 45. a6 Kxe4) 45. a6 {[%cal Ba5a6,Ba6a7][%mdl 32]} Rd2+ 46. Kf1 Kxe4 47. Re6+ Kf5 48. a7 Rd1+ 49. Re1 Rd8 50. Ra1 Ra8 51. b4 {[%cal Bb3b4,Bb4b5,Bb5b6][%mdl 32]} Ke4 52. b5 Kd5 53. b6 {Intending b7 and mate.} Kc6 54. Rb1 {Threatening mate with b7.} Kb7 55. Ke2 $2 (55. c4 Rc8 56. Ra1) 55... Re8+ $2 (55... Rc8 56. Kd3 f3) 56. Kd3 f3 57. gxf3 gxf3 58. c4 {[%cal Bc2c4,Bc4c5,Bc5c6][%mdl 32]} f2 {[#]} 59. c5 $1 Re1 60. c6+ $1 {[%mdl 64] Decoy. Accuracy: White = 59%, Black = 39%.} 1-0

[Event "10th LCC FIDE Open 2018"]
[Site "London"]
[Date "2018.12.13"]
[Round "5"]
[White "Marentini, Marcel"]
[Black "Ghukasyan, Siranush"]
[Result "1/2-1/2"]
[WhiteElo "2030"]
[BlackElo "2245"]
[Annotator "TA"]
[PlyCount "35"]
[EventDate "2018.12.09"]
[EventType "swiss"]
[EventCountry "ENG"]
[SourceTitle "playchess.com"]
[Source "ChessBase"]
[SourceQuality "1"]

{[%evp 22,35,0,-21,0,0,11,8,73,37,41,39,38,24,79,67]} 1. Nf3 d5 2. g3 c6 3. c4 Bg4 4. Bg2 e6 5. cxd5 Bxf3 6. Bxf3 cxd5 7. O-O Nf6 8. d3 Be7 {A11: English Opening: 1...c6} 9. Qb3 (9. b3 Nc6 10. Bb2 O-O 11. e3 Rc8 12. a3 Ne8 13. d4 Nd6 14. Qd3 Na5 {½-½ (56) Nakamura,H (2785)-Adams,M (2751) Sharjah 2017}) 9... Qd7 10. Nc3 Nc6 11. Bg2 O-O 12. Bf4 {LiveBook: 4 Games} Nd4 13. Qd1 Rac8 14. e4 $146 ({Predecessor:} 14. Rc1 Rfd8 15. h3 {0-1 (38) Vassallo Barroche,M (2434)-Michalik,P (2579) Pardubice 2013}) 14... Nb5 (14... Rfd8 $11) 15. exd5 Nxd5 16. Nxd5 exd5 17. Qh5 f5 (17... Rcd8 $11) 18. Be5 1/2-1/2

[Event "10th LCC FIDE Open 2018"]
[Site "London"]
[Date "2018.12.13"]
[Round "5"]
[White "Penna, Tommaso"]
[Black "Mihalik, Agoston"]
[Result "0-1"]
[WhiteElo "1963"]
[BlackElo "2220"]
[Annotator "TA"]
[PlyCount "184"]
[EventDate "2018.12.09"]
[EventType "swiss"]
[EventCountry "ENG"]
[SourceTitle "playchess.com"]
[Source "ChessBase"]
[SourceQuality "1"]

{[%evp 15,184,11,31,33,29,0,29,34,30,24,39,40,43,30,47,-14,13,-15,143,-29,-38,-82,11,0,78,89,87,77,138,133,122,66,90,17,122,71,67,67,64,66,64,65,140,27,59,18,18,7,14,6,7,6,6,5,7,0,15,0,18,0,0,-17,-15,-56,0,0,0,-85,-91,-99,-102,-97,-98,-95,-83,-95,-100,-94,0,-9,-2,-2,-9,-12,0,0,0,-12,-20,-20,0,-20,-20,-20,-6,-6,-7,-7,0,0,0,-22,-26,-29,-26,-49,-35,-49,-35,-140,-135,-134,-127,-130,-98,-91,-93,-90,-90,-90,-90,-90,-90,-106,-91,-150,-135,-620,-258,-603,-595,-562,-270,-1036,-269,-258,-135,-135,-135,-269,-135,-417,-269,-155,-135,-135,-135,-204,-91,-7715,-6199,-2828,-2175,-29972,-29975,-29979,-29980,-29980,-29981,-29981,-29982,-29980,-29981,-29981,-29982,-29982,-29983,-29980,-29981,-29979,-29978]} 1. e4 c5 2. Nf3 d6 3. Bb5+ Nd7 4. d4 cxd4 5. Qxd4 a6 6. Bxd7+ Bxd7 7. Nc3 e6 {B51: Sicilian: Moscow Variation (3 Bb5+) without 3...Bd7} 8. Bg5 (8. O-O Bc6 9. Bg5 Nf6 10. Rfd1 Be7 11. a4 O-O 12. a5 Qc7 13. h3 Rfd8 14. Qe3 h6 15. Bh4 Rab8 16. Nd4 b5 17. axb6 Rxb6 {½-½ (42) McShane,L (2667)-Demchenko,A (2679) Germany 2018}) 8... Qc7 {LiveBook: 4 Games} 9. O-O-O Rc8 {White is slightly better.} 10. Kb1 (10. Bh4 {with more complications.} b5 11. a3 h6 12. Kb1 e5 13. Qd3) 10... Qc5 (10... f6 {keeps more tension.} 11. Be3 Ne7 12. Qxd6 Qxd6 13. Rxd6 Nd5) 11. Qxc5 $146 ({Predecessor:} 11. Qd2 Bc6 12. Rhe1 Qa5 13. Nd4 Nf6 14. e5 h6 15. Bxf6 gxf6 16. exd6 {1-0 (25) Ippolito,M (2239)-Montabord,M (2105) Paris 2003}) 11... Rxc5 12. Bf4 e5 13. Be3 Rc6 14. h3 g6 15. Rd3 (15. Nd2 $14) 15... f5 $11 16. Rhd1 Be6 $2 (16... Nf6 $11 17. Nd2 fxe4 18. Ndxe4 (18. Ncxe4 Nxe4 19. Nxe4 Bf5 $11) 18... Nxe4 19. Nxe4 Bf5) 17. b3 $2 ({Only move:} 17. Nd4 $1 $16 {[%cal Rd4e6]} fxe4 18. Nxe4) 17... Nf6 18. Ng5 Bc8 (18... Bd7 $1 $17 19. Nd5 Nxd5 20. exd5 Rc8) 19. Nd5 $1 {[%cal Rd5f6]} Nxd5 (19... Nxe4 $11 20. Nxe4 fxe4 21. Nf6+ Kf7 22. Nxe4 Bf5) 20. exd5 $16 ({Inferior is} 20. Rxd5 h6 $17) 20... Rc7 21. Bb6 $1 {[%cal Rb6c7]} Re7 (21... e4 $142) 22. Rc3 Bd7 23. a4 (23. Ne6 $16) 23... h6 24. Nf3 (24. Ne6 $1 $16) 24... Kf7 (24... f4 $1 $11) 25. Rc7 (25. Nd2 $142 $1) 25... Be8 26. Rc8 Bg7 27. Bc7 Rd7 28. c4 g5 (28... e4 $14) 29. b4 (29. c5 $1 $16 {[%cal Rc5c6] And now c6 would win.} dxc5 30. Nxe5+ (30. Bxe5 Rg8 $16) 30... Bxe5 31. Bxe5 {[%mdl 64] Discovered Attack (Double check)}) 29... g4 30. hxg4 fxg4 31. Nd2 Ke7 32. Ka2 Bg6 $132 {[%mdl 2048] Black is not keeping still} 33. Rxh8 Bxh8 34. Bb6 Ke8 35. Re1 Rf7 36. Ne4 Kd7 37. g3 h5 38. Ng5 Rf8 39. Kb3 Bf6 (39... Bg7 $15) 40. Ne4 $11 Be7 41. a5 (41. Nd2 $11 {keeps the balance.}) 41... Rf3+ $17 42. Kb2 h4 {[%mdl 64] Overworked Piece} 43. gxh4 Rf4 44. Ng5 Rxc4 45. Kb3 Rc8 $1 46. Be3 Bf6 (46... Rh8 $17 47. Rc1 Bxg5 48. Bxg5 Rf8) 47. Rc1 $1 $11 Rxc1 48. Bxc1 {[%mdl 4096] Endgame KBB-KBN} Ke7 49. Kc4 Bb1 50. Kb3 $1 Bg6 51. Kc4 Be8 52. Kd3 Ba4 53. Ke4 Bc2+ 54. Ke3 Bxg5+ 55. hxg5 {KB-KB} Kf7 56. Ba3 Ke7 57. Bc1 Bd1 58. Kd3 Bf3 59. Kc4 Kf7 60. Bd2 Kg6 61. Bc1 Kf5 62. Bd2 (62. b5 $15) 62... Be2+ $1 $17 63. Kc3 Bb5 $1 64. Be3 Ke4 65. g6 {Strongly threatening g7.} Be8 66. g7 Bf7 67. Bb6 Kxd5 68. Kd3 Ke6 69. Bd8 d5 {[%cal Bd6d5,Bd5d4][%mdl 32]} 70. Ke3 ({Better is} 70. Bh4) 70... d4+ 71. Kd3 $2 {[%mdl 8192] [#]} (71. Kd2 $17) 71... Kd5 (71... g3 $142 $1 {[%mdl 512] Threatens to win with ...g2.} 72. fxg3 Kd5) 72. Bf6 $2 (72. Ke2) 72... e4+ $19 73. Kd2 {[#]} Kc4 (73... g3 $142 $1 {[%mdl 512]} 74. fxg3 Kc4) 74. Be7 $2 {[#]} (74. Be5 Be6 75. Bd6) 74... Bg8 $2 (74... g3 $1 {[%mdl 512] ( -> ...g2)} 75. fxg3 e3+ 76. Kd1 Kd5) 75. Bd6 Bh7 $1 76. Ke2 Kc3 77. Ke1 {[#]} (77. Kd1 $17) 77... Bg8 ({Black should try} 77... e3 $1 $19 78. Be5 Kd3) 78. Kd1 $2 {[%mdl 8192]} (78. Be5 $17 {was the only chance.}) 78... Bb3+ 79. Ke1 (79. Kc1 $19) 79... Kc2 80. Bc5 {[#]} Kd3 $1 {aiming for ...g3!} 81. Bd6 Kc3 (81... e3 $19 82. fxe3 dxe3) 82. Bc5 $2 {[%mdl 8192] [#]} (82. Be5 $17) 82... g3 $1 {[%mdl 512]} 83. fxg3 e3 84. g4 Kd3 {Black mates.} 85. Bd6 Ke4 86. b5 d3 87. Bb4 axb5 88. Bc3 Kf4 89. Bb4 Kxg4 90. Bc3 Kf5 91. Bb4 Kg6 92. Bc3 Kh7 {Accuracy: White = 30%, Black = 48%.} 0-1

[Event "10th LCC FIDE Open 2018"]
[Site "London"]
[Date "2018.12.13"]
[Round "5"]
[White "Edwards, Simon R"]
[Black "Marzano, Carlo"]
[Result "1-0"]
[WhiteElo "1931"]
[BlackElo "2222"]
[Annotator "TA"]
[PlyCount "81"]
[EventDate "2018.12.09"]
[EventType "swiss"]
[EventCountry "ENG"]
[SourceTitle "playchess.com"]
[Source "ChessBase"]
[SourceQuality "1"]

{[%evp 10,81,14,-41,12,-55,-24,-24,0,-28,-17,-20,-31,-38,0,0,30,45,34,6,46,-44,131,109,93,24,37,29,26,0,0,0,0,0,0,0,0,0,0,-88,0,-56,0,-343,0,-36,0,0,749,740,748,746,719,719,810,801,816,765,836,821,971,935,968,915,1043,1035,4775,4775,5070,5070,29984,5070,1241,1202]} 1. d4 d5 2. c4 dxc4 3. e3 e5 4. Nf3 exd4 5. Bxc4 Bb4+ 6. Kf1 {LiveBook: 4 Games. D20: Queen's Gambit Accepted: 3 e3 and 3 e4} (6. Bd2 $11 Bxd2+ 7. Qxd2 (7. Nbxd2 dxe3 8. Ne4 Qxd1+ 9. Rxd1 Nc6 $15)) (6. Bd2 Bxd2+ 7. Qxd2 Nc6 8. exd4 Qe7+ 9. Qe3 Nb4 10. Na3 Nf6 11. O-O Nfd5 12. Qb3 Be6 13. Nb5 {½-½ (31) Kalesis,N (2464)-Istratescu,A (2581) Achaea 2016}) 6... Qe7 ({Black should play} 6... Nc6 $15) 7. Nxd4 $146 (7. exd4 $11 Nf6 8. Bg5) ({Predecessor:} 7. Qxd4 Nf6 8. Bd2 Bxd2 9. Nbxd2 O-O 10. Qe5 Nc6 11. Qxe7 Nxe7 12. Rd1 Ng6 13. Ke2 {½-½ (54) Wahab,A-Pinder,R Devon 1999}) 7... c6 8. a3 {Black has an edge.} Bd6 9. b4 Nf6 10. Bb2 O-O 11. Qc2 Re8 12. Nd2 g6 13. h4 {N2f3 is the strong threat.} Bg4 $1 14. Re1 Nbd7 15. N2f3 (15. f3 $14 Bg3 16. Re2) 15... Nb6 $2 (15... Ne5 $15 {stays ahead.}) 16. Bb3 $1 $16 Rac8 {[#]} 17. Ng5 (17. h5 $1 $16 {[%mdl 512]} Nxh5 18. Rh4) 17... Nbd5 $11 18. Qb1 h6 19. e4 (19. h5 {seems wilder.} Nxh5 20. Ngf3 Qd7 21. Kg1 Bc7 22. Rd1) 19... hxg5 20. hxg5 Nh5 {Threatens to win with ...Ndf4.} 21. exd5 Qxg5 22. dxc6 bxc6 23. Rxe8+ Rxe8 24. Qc1 {[#]} (24. Nf3 $11 Bxf3 25. gxf3) 24... Qe7 (24... Qf6 $1 $17 {Hoping for ...Ng3+.} 25. Nf3 Qf5) 25. Bc3 ({White should try} 25. Qc3 $11) 25... c5 (25... Be5 $1 $15 26. Nxc6 Ng3+ 27. fxg3 Qf6+ {[%mdl 64] Double Attack} 28. Qf4 {[%mdl 64] Double Attack} Bxc3 29. Qxf6 Bxf6) 26. Nc6 $2 {[%mdl 8192]} (26. Qc2 $11 Qg5 27. Nf3 Bxf3 28. gxf3 cxb4 29. axb4) 26... Qe2+ $2 (26... Qe4 $19 27. b5 Bf4 28. Rxh5 Bxh5) 27. Kg1 $15 cxb4 (27... Qe4 {looks sharper.} 28. Rh4 Bf4 29. Rxg4 Bxc1 30. Rxe4 Rxe4 31. bxc5 Nf4) 28. axb4 $40 {[%mdl 128] White has some attack.} Bf4 $2 {[%mdl 8192] [#]} (28... Qe4 $11 29. Rh4 Bf4) 29. Rxh5 $1 $18 {[%csl Gc3][%cal Rh5h8][%mdl 512]} Qe1+ (29... Bxh5 30. Qxf4) 30. Qxe1 Rxe1+ 31. Bxe1 gxh5 32. Nxa7 Bd7 33. Bd5 h4 34. b5 Bd6 35. Ba5 Bc5 36. Nc6 h3 37. gxh3 Bxh3 38. b6 Bd6 39. b7 Bf5 40. b8=Q+ (40. Bb4 $142 Bf4 41. Ne7+ {[%mdl 64] Double Attack} Kg7 42. Nxf5+ Kf6 43. Nd6 Kg7 44. b8=Q Kg6 45. Qg8+ {[%mdl 64] Double Attack} Kf6 46. Bc3+ Ke7 47. Nb7 Bh2+ 48. Kxh2 f6 49. Qf7#) 40... Bxb8 41. Nxb8 {Accuracy: White = 36%, Black = 33%.} 1-0